Statistiques concernant Musique par lettre - X et Y

Cliquez ici pour prendre le quiz!

Statistiques générales

  • Ce quiz a été pris 989 fois
  • Le résultat moyen est 8 sur 15

Statistiques - réponses

QuestionsRéponses% Correct
Instrument de musique, de la famille des percussions, constitué d'une série plus ou moins grande de lamesXylophone
96%
Acteur et animateur français, qui incarne un rappeur fictif nommé Fatal BazookaMichaël Youn
92%
Titre de la chanson la plus connue des Village PeopleYMCA
92%
Rappeur américain, décédé à l'âge de 20 ans, ses titres "SAD!" et "Moonlight" sont connus internationalementXXX Tentacion
75%
Concours de talents télévisuel, à l'origine britannique, crée par Simon Cowell, dérivé internationalementThe X Factor
71%
Prénom et nom d'une artiste japonaise, compagne de John Lennon pendant plusieurs annéesYoko Ono
66%
Titre d'une chanson du film "Grease", interprétée en duo par John Travolta et Olivia Newton-JohnYou're the one that I want
50%
Titre d'une chanson d'Usher, sortie en 2004, enregistrée en collaboration avec Lil' Jon et Ludacris, considérée comme la première du genre crunk'n'bYeah!
46%
Titre d'une chanson des Beatles, interprétée par Ringo Starr, aux airs enfantinsYellow Submarine
46%
Titre d'une chanson de Snoop Dogg et Wiz Khalifa en collaboration avec Bruno Mars, sortie en 2011, qui expriment le besoin de liberté des adolescents et fait références aux soirées étudiantesYoung, Wild and Free
44%
Titre d'une chanson écrite par Paul McCartney, sortie en 1965, elle fait partie des titres les plus repris et joués en radio du monde entierYesterday
41%
Titre d'une chanson composée et interprétée par Elton John, commençant par : "It's a little bit funny, this feeling inside..."Your Song
34%
Titre d'une chanson de Taylor SwiftYou Belong With Me / You Need to Calm Down / You're Not Sorry / You Are In Love
14%
Titre d'une chanson du groupe irlando-norvegien Secret Garden, reprise par Josh Groban en 2003, elle connait une grande notorité dans les concours de chant télévisuelYou raise me up
9%
Groupe de rock indé californien, formé en 2004, connu pour ses chansons "My Body" et "Cough Syrup'Young the Giant
4%

Distribution des résultats

Percentile par nombre de réponses

% des personnes avec chaque résultat

Votre développement - résultats

Vous n’avez pas pris ce quiz